WandaVision Episode Three (2021) Character Screen Time - Statistics

General Stats
  • This quiz has been taken 33 times
  • The average score is 6 of 8
Answer Stats
Screen Time Answer % Correct
15:00 Wanda Maximoff
100%
11:30 Vision
97%
1:00 Agnes
87%
:45 Billy Maximoff
73%
6:45 Monica Rambeau
73%
1:15 Tommy Maximoff
70%
1:15 Herb
40%
:15 Phil
13%
No matching quizzes found
Score Distribution
Percent of People with Each Score
Percentile by Number Answered
Your Score History
You have not taken this quiz